Sports Quiz

Random Sports or WWE Quiz

WrestleMania Cities Quiz Stats

 Plays Quiz Updated Dec 7, 2018

Challenge
Share
Tweet
Embed
Score 0/37 Timer 05:00
13 Plays Today
Wrestlemania City % Correct
WrestleMania 2Uniondale, New York
96.1%
WrestleManiaNew York, New York
96.1%
WrestleMania XNew York, New York
96.1%
WrestleMania XXNew York, New York
96.1%
WrestleMania 2Los Angeles, California
90.8%
WrestleMania VIILos Angeles, California
90.8%
WrestleMania 21Los Angeles, California
90.8%
WrestleMania 2Rosemont, Illinois
83.3%
WrestleMania 13Rosemont, Illinois
83.3%
WrestleMania 22Rosemont, Illinois
83.3%
WrestleMania 34New Orleans, Louisiana
79.9%
WrestleMania X-SevenHouston, Texas
79.2%
WrestleMania XXVHouston, Texas
79.2%
WrestleMania IIIPontiac, Michigan
76.6%
WrestleMania 23Detroit, Michigan
75%
WrestleMania 33Orlando, Florida
73.8%
WrestleMania XXXNew Orleans, Louisiana
71.6%
WrestleMania XIVBoston, Massachusetts
71.2%
WrestleMania XIXSeattle, Washington
67.1%
Wrestlemania City % Correct
WrestleMania IXLas Vegas, Nevada
64.8%
WrestleMania XXIVOrlando, Florida
64%
WrestleMania XVPhiladelphia, Pennsylvania
59.7%
WrestleMania VIToronto, Ontario
59.7%
WrestleMania X8Toronto, Ontario
59.7%
WrestleMania VIIIIndianapolis, Indiana
45.2%
WrestleMania XXVIIIMiami, Florida
43.7%
WrestleMania IVAtlantic City, New Jersey
38%
WrestleMania VAtlantic City, New Jersey
38%
WrestleMania XXVIIAtlanta, Georgia
36.5%
WrestleMania 32Arlington, Texas
35.9%
WrestleMania 29East Rutherford, New Jersey
35.7%
WrestleMania 35East Rutherford, New Jersey
35.5%
WrestleMania XIIAnaheim, California
34.7%
WrestleMania 2000Anaheim, California
34.7%
WrestleMania 31Santa Clara, California
32.8%
WrestleMania XIHartford, Connecticut
29.2%
WrestleMania XXVIGlendale, Arizona
28.2%

You're not logged in!

Compare scores with friends on all Sporcle quizzes.
OR
Log In

You Might Also Like...

Show Comments

Extras

Top Quizzes Today


Score Distribution

Your Account Isn't Verified!

In order to create a playlist on Sporcle, you need to verify the email address you used during registration. Go to your Sporcle Settings to finish the process.

Report this User

Report this user for behavior that violates our Community Guidelines.

Details: